000 00561nam a2200205Ia 4500
005 20250506172943.0
008 008 250505s9999 xx 000 0 eng d
020 _a9789353576646
037 _aTB
040 _aILCL
_beng
_cILCL
041 _aeng
_2eng
082 _qILCL
100 _aBhatia, Gautam
245 4 _aThe Transformative Constitution: a radical biography in nine acts
260 _aNew Delhi
_bHarper Collins Publishers
_c2021
300 _axlviii,500p.
365 _aINR
942 _cTB
_2Colon Classification
999 _c1312921
_d1312921